| 000 | 01121cam a2200337 a 4500 | ||
|---|---|---|---|
| 001 | 16086423 | ||
| 003 | ARRUPE | ||
| 005 | 20220421091931.0 | ||
| 008 | 100205s2007 stk 000 0 eng | ||
| 010 | _a 2010290914 | ||
| 015 |
_aGBA742758 _2bnb |
||
| 016 | 7 |
_a013761030 _2Uk |
|
| 020 | _a9780007274642 (pbk.) | ||
| 020 | _a9780007253593 (hbk.) | ||
| 020 | _a0007253591 (hbk.) | ||
| 035 | _a(OCoLC)ocn141379489 | ||
| 040 |
_aUKM _cUKM _dBTCTA _dDLC |
||
| 042 |
_aukscp _alccopycat |
||
| 050 | 0 | 0 |
_aREF. GV1507.C7 _bB66 2007 |
| 082 | 0 | 4 |
_a793.73203 _222 |
| 100 | 1 |
_aBradford, Anne R. _q(Anne Rae), _d1930- _951365 |
|
| 245 | 1 | 0 |
_aBradford's crossword solver's dictionary / _c[Anne R. Bradford]. |
| 246 | 3 | _aCrossword solver's dictionary | |
| 250 | _a7th ed. | ||
| 260 |
_aGlasgow : _bCollins, _c2007. |
||
| 300 |
_axv, 845 p. ; _c24 cm. |
||
| 650 | 0 |
_aCrossword puzzles _vGlossaries, vocabularies, etc. _951366 |
|
| 906 |
_a7 _bcbc _ccopycat _d2 _encip _f20 _gy-gencatlg |
||
| 942 |
_2lcc _cREFERENCE |
||
| 999 |
_c131319 _d131319 |
||